[Event "Baltic Sea Cup 2008"]
[Site "Ronne"]
[Date "2008.07.29"]
[Round "1"]
[White "Zachariassen, John"]
[Black "Savchenko, Boris"]
[Result "0-1"]
[WhiteElo "1949"]
[BlackElo "2578"]
[PlyCount "74"]
[EventDate "2008.07.29"]


1. e4 c5 2. Na3 Nf6 3. d3 d5 4. exd5 Qxd5 5. Nf3 Nc6 6. Be2 g6 7. O-O Bg7 8.
Nc4 b6 9. c3 Bb7 10. Qb3 O-O 11. Be3 Ng4 12. Rad1 Nxe3 13. fxe3 Rad8 14. e4 Qd7
15. a4 Qc7 16. Qc2 e6 17. Qd2 Ba6 18. Na3 Qe7 19. Nb5 Rd7 20. Qe3 Bb7 21. Qf4
h6 22. e5 Ba8 23. Kh1 Kh7 24. Na3 Bb7 25. Nc2 Qd8 26. d4 cxd4 27. Ncxd4 Qb8 28.
Bb5 Qc7 29. Bxc6 Bxc6 30. Qh4 Bxf3 31. Rxf3 Qxe5 32. Rdf1 Qd5 33. Rh3 f5 34.
Nf3 e5 35. c4 Qc6 36. b4 e4 37. b5 Qxc4 0-1

[Event "Baltic Sea Cup 2008"]
[Site "Ronne"]
[Date "2008.07.30"]
[Round "2"]
[White "Andersen, Harry"]
[Black "Knof, Henrike"]
[Result "1-0"]
[WhiteElo "1904"]
[BlackElo "1477"]
[PlyCount "23"]
[EventDate "2008.07.29"]


1. e4 e5 2. f4 exf4 3. Nf3 d6 4. d4 Bg4 5. Bxf4 Qe7 6. Nc3 Nd7 7. Bd3 O-O-O 8.
Qd2 Bxf3 9. gxf3 h6 10. Nd5 Qh4+ 11. Bg3 Qh5 12. Qa5 1-0

[Event "Baltic Sea Cup 2008"]
[Site "Ronne"]
[Date "2008.07.30"]
[Round "2"]
[White "Caceres, Cipriano Sande"]
[Black "Frisk, Hans"]
[Result "0-1"]
[WhiteElo "1792"]
[BlackElo "2011"]
[PlyCount "68"]
[EventDate "2008.07.29"]


1. c4 e5 2. Nc3 Nf6 3. g3 Nc6 4. Bg2 Bc5 5. e3 d5 6. Nxd5 Nxd5 7. cxd5 Nb4 8.
d3 Nxd5 9. a3 a5 10. Ne2 a4 11. O-O O-O 12. Qc2 Bb6 13. e4 Ne7 14. Bd2 Nc6 15.
Be3 Ra6 16. Nc3 Nd4 17. Qd1 Be6 18. Bxd4 Qxd4 19. Rb1 Bb3 20. Qe2 c6 21. Rfe1
Raa8 22. Rbc1 Rad8 23. Bf1 f5 24. Qe3 f4 25. Qxd4 Bxd4 26. Re2 fxg3 27. hxg3
Rf3 28. Kg2 Rdf8 29. Nd1 Bxd1 30. Rxd1 Rxf2+ 31. Rxf2 Rxf2+ 32. Kh1 Rxb2 33.
Bh3 Kf7 34. Bc8 Ke7 0-1

[Event "Baltic Sea Cup 2008"]
[Site "Ronne"]
[Date "2008.07.30"]
[Round "2"]
[White "Christensen, John"]
[Black "Golod, Vitali"]
[Result "0-1"]
[WhiteElo "2116"]
[BlackElo "2578"]
[PlyCount "60"]
[EventDate "2008.07.29"]


1. Nf3 d5 2. b3 f6 3. d4 c5 4. e3 Nc6 5. Bb2 cxd4 6. exd4 e6 7. c3 Bd6 8. Bb5
Nge7 9. O-O O-O 10. c4 a6 11. Bxc6 bxc6 12. Re1 Ng6 13. Ba3 Bxa3 14. Nxa3 Qd6
15. Nc2 e5 16. Ne3 e4 17. Nd2 f5 18. h3 f4 19. Ng4 f3 20. Re3 Nf4 21. Nxf3 Bxg4
22. hxg4 exf3 23. Rxf3 dxc4 24. bxc4 Rae8 25. Re3 Rxe3 26. fxe3 Nh3+ 27. gxh3
Qg3+ 28. Kh1 Rf2 29. Qg1 Qf3+ 30. Qg2 Qxg2# 0-1

[Event "Baltic Sea Cup 2008"]
[Site "Ronne"]
[Date "2008.07.30"]
[Round "2"]
[White "Christensen, Klaus"]
[Black "Lund, Silas"]
[Result "0-1"]
[WhiteElo "2034"]
[BlackElo "2431"]
[PlyCount "52"]
[EventDate "2008.07.29"]


1. d4 d6 2. Nf3 g6 3. g3 Bg7 4. Bg2 e5 5. c4 Nc6 6. d5 Nce7 7. Nc3 f5 8. Be3
Nf6 9. h3 h6 10. Rc1 a6 11. O-O g5 12. c5 f4 13. cxd6 cxd6 14. gxf4 gxf4 15.
Bd2 Nf5 16. Qc2 O-O 17. Ne4 Rf7 18. Rfd1 Bf8 19. Be1 Rg7 20. Kf1 Qe7 21. Ba5
Qf7 22. a4 Nh5 23. Qd3 Qg6 24. Bh1 Ne3+ 25. fxe3 Ng3+ 26. Ke1 Nxe4 0-1

[Event "Baltic Sea Cup 2008"]
[Site "Ronne"]
[Date "2008.07.30"]
[Round "2"]
[White "Christensen, Svend Ib"]
[Black "Adolfssen, Rico"]
[Result "1/2-1/2"]
[WhiteElo "1531"]
[BlackElo "1933"]
[PlyCount "76"]
[EventDate "2008.07.29"]


1. d4 d5 2. Nf3 Bf5 3. Bf4 e6 4. e3 Nd7 5. h3 Ngf6 6. Nbd2 c5 7. c3 cxd4 8.
exd4 Be7 9. Be2 O-O 10. O-O Ne4 11. Nxe4 dxe4 12. Ne5 Nxe5 13. Bxe5 Bg5 14. Bg3
Qf6 15. f3 Qg6 16. fxe4 Bxe4 17. Bf3 Bd3 18. Be2 Bf5 19. Kh2 Rad8 20. Bh5 Qh6
21. Bg4 Bg6 22. Qe2 Rd7 23. Bf3 a6 24. Kh1 Bf5 25. Bg4 Bxg4 26. Qxg4 Rd5 27.
Qe2 Rfd8 28. Qf3 Qg6 29. Rae1 Bf6 30. Bh2 R8d7 31. Qe4 Qxe4 32. Rxe4 Ra5 33. a3
Rdd5 34. Rfe1 Rf5 35. Kg1 Rad5 36. R1e2 b5 37. Bc7 Bg5 38. Rc2 Rd7 1/2-1/2

[Event "Baltic Sea Cup 2008"]
[Site "Ronne"]
[Date "2008.07.30"]
[Round "2"]
[White "Hansen, Mads"]
[Black "Evdokimov, Alexander A"]
[Result "0-1"]
[WhiteElo "2041"]
[BlackElo "2555"]
[PlyCount "106"]
[EventDate "2008.07.29"]


1. e4 c5 2. Nf3 e6 3. d4 cxd4 4. Nxd4 a6 5. Nc3 b5 6. Bd3 Qb6 7. Nf3 Bb7 8. O-O
Be7 9. Qe2 Nf6 10. e5 Nd5 11. Nxd5 Bxd5 12. c4 bxc4 13. Bxc4 Bxc4 14. Qxc4 O-O
15. Be3 Qb5 16. Rac1 Nc6 17. Rfd1 Rfd8 18. Qe4 Rac8 19. b3 Nb4 20. a4 Rxc1 21.
Bxc1 Qc6 22. Qxc6 Nxc6 23. Be3 Kf8 24. Kf1 Ke8 25. Ke2 Rb8 26. Rb1 h6 27. Bd2
g5 28. Bc3 Bb4 29. Ba1 Ne7 30. Nd2 Nd5 31. Ne4 Rc8 32. Rd1 Rc2+ 33. Kd3 Rc6 34.
g3 Kd8 35. h4 gxh4 36. gxh4 Nf4+ 37. Kd4 Be7 38. Rh1 h5 39. Ng5 Ke8 40. Ke4 Ng6
41. Bd4 d5+ 42. exd6 Bxd6 43. Nf3 f5+ 44. Ke3 e5 45. Bb2 Bc5+ 46. Kd2 e4 47.
Nd4 Rd6 48. Ke3 Ne5 49. Rd1 Nc6 50. Bc3 a5 51. f4 exf3 52. Bb2 Nxd4 53. Bxd4
Rxd4 0-1

[Event "Baltic Sea Cup 2008"]
[Site "Ronne"]
[Date "2008.07.30"]
[Round "2"]
[White "Hansen, Thomas"]
[Black "Von Wantoch, Markus"]
[Result "0-1"]
[WhiteElo "1364"]
[BlackElo "1907"]
[PlyCount "36"]
[EventDate "2008.07.29"]


1. e4 d5 2. exd5 Nf6 3. c4 c6 4. dxc6 Nxc6 5. Nf3 e5 6. d3 Qb6 7. Be2 Bc5 8.
O-O Ng4 9. Qe1 Nb4 10. Na3 Bf5 11. h3 h5 12. hxg4 hxg4 13. Nxe5 g3 14. Ng4 Bxg4
15. Bxg4+ Kf8 16. Be3 Nxd3 17. Bxc5+ Qxc5 18. Qe3 gxf2+ 0-1

[Event "Baltic Sea Cup 2008"]
[Site "Ronne"]
[Date "2008.07.30"]
[Round "2"]
[White "Hein, Jacob"]
[Black "Andersen, Dag"]
[Result "1/2-1/2"]
[WhiteElo "1603"]
[BlackElo "1944"]
[PlyCount "33"]
[EventDate "2008.07.29"]


1. e4 e6 2. d4 d5 3. e5 c5 4. Be3 Nc6 5. Bb5 Qb6 6. Bxc6+ Qxc6 7. Ne2 b6 8. O-O
Ne7 9. Ng3 Ba6 10. Re1 Qc7 11. c3 Nc6 12. Na3 g6 13. Rc1 c4 14. Qa4 Bb7 15. Nb5
Qd7 16. Bf4 a6 17. Nd6+ 1/2-1/2

[Event "Baltic Sea Cup 2008"]
[Site "Ronne"]
[Date "2008.07.30"]
[Round "2"]
[White "Holt, Michael"]
[Black "Jensen, Jan Kargaard"]
[Result "0-1"]
[WhiteElo "1000"]
[BlackElo "1813"]
[PlyCount "76"]
[EventDate "2008.07.29"]


1. b3 Nf6 2. Bb2 e6 3. e3 Be7 4. Nf3 O-O 5. Be2 d5 6. O-O Nbd7 7. d3 c6 8. Nbd2
Qc7 9. e4 e5 10. d4 exd4 11. exd5 Nxd5 12. Nxd4 N7f6 13. Bd3 Bg4 14. N2f3 Qf4
15. g3 Qc7 16. Re1 Bb4 17. Re5 Qxe5 18. Nxe5 Bxd1 19. Rxd1 Nc3 20. Rf1 Ncd5 21.
Ne2 Rfe8 22. Nc4 Ne4 23. a3 Bc5 24. b4 Bb6 25. Nxb6 axb6 26. c4 Ndf6 27. Ra1
Rad8 28. Nf4 g5 29. Bxe4 Nxe4 30. Nh5 Rd2 31. f3 Rxb2 32. fxe4 Rd8 33. Nf6+ Kg7
34. Ng4 h5 35. Nf2 Rdd2 36. Nh3 Rg2+ 37. Kf1 Rxh2 38. Nxg5 Rh1# 0-1

[Event "Baltic Sea Cup 2008"]
[Site "Ronne"]
[Date "2008.07.30"]
[Round "2"]
[White "Iljushin, Alexei"]
[Black "Jahncke, Giso"]
[Result "1-0"]
[WhiteElo "2546"]
[BlackElo "2052"]
[PlyCount "63"]
[EventDate "2008.07.29"]


1. d4 Nf6 2. c4 g6 3. Nc3 Bg7 4. e4 d6 5. f3 O-O 6. Nge2 c5 7. d5 e6 8. Ng3
exd5 9. cxd5 a6 10. a4 Nbd7 11. Be2 Ne8 12. O-O Rb8 13. f4 Nc7 14. Be3 b5 15.
e5 f5 16. axb5 Nxb5 17. e6 Nf6 18. Nxb5 axb5 19. Bf3 Bb7 20. b4 Ng4 21. Bxg4
Bxa1 22. Qxa1 fxg4 23. Qd1 c4 24. f5 Rc8 25. Bh6 Qh4 26. Bxf8 Rxf8 27. fxg6 Qh6
28. gxh7+ Kxh7 29. Qc2+ Kg8 30. Nf5 Qf6 31. Qe4 Qe5 32. e7 1-0

[Event "Baltic Sea Cup 2008"]
[Site "Ronne"]
[Date "2008.07.30"]
[Round "2"]
[White "Kogan, Artur"]
[Black "Lilleoren, Morten"]
[Result "1-0"]
[WhiteElo "2569"]
[BlackElo "2105"]
[PlyCount "83"]
[EventDate "2008.07.29"]


1. Nf3 c5 2. e4 d6 3. d4 cxd4 4. Qxd4 a6 5. Bg5 Nc6 6. Qd2 g6 7. Nc3 Bg7 8. Bc4
h6 9. Be3 Nf6 10. h3 b5 11. Bd5 Bd7 12. e5 dxe5 13. O-O-O Rc8 14. Bxc6 Rxc6 15.
Nxe5 Rd6 16. Qe2 Be6 17. Bc5 Rxd1+ 18. Rxd1 Qc7 19. Qe3 O-O 20. Nxg6 Re8 21.
Nf4 Qc6 22. Nxe6 fxe6 23. Re1 Kf7 24. Bb4 Rc8 25. Re2 Qc4 26. a3 Ra8 27. Ba5
Rc8 28. f4 Nh5 29. Qf3 Nf6 30. Bb4 Rc7 31. g4 Nd5 32. Nxd5 exd5 33. Kb1 Qd4 34.
c3 Qc4 35. g5 d4 36. gxh6 Bf6 37. Qh5+ Kf8 38. h7 Bh8 39. Qf5+ Qf7 40. Qxf7+
Kxf7 41. cxd4 Bxd4 42. Rd2 1-0

[Event "Baltic Sea Cup 2008"]
[Site "Ronne"]
[Date "2008.07.30"]
[Round "2"]
[White "Koop, Th Boerge"]
[Black "Brinck Claussen, Bjorn"]
[Result "0-1"]
[WhiteElo "1568"]
[BlackElo "2296"]
[PlyCount "86"]
[EventDate "2008.07.29"]


1. e4 e6 2. d4 d5 3. Nc3 Bb4 4. e5 c5 5. Qg4 Ne7 6. Nf3 Nbc6 7. Bd2 Qa5 8. Bd3
cxd4 9. Nxd4 O-O 10. Nxc6 Nxc6 11. a3 d4 12. Ne4 Bxd2+ 13. Nxd2 Qxe5+ 14. Qe4
Qxe4+ 15. Bxe4 Rd8 16. Nb3 e5 17. O-O-O Be6 18. Nc5 Bc8 19. Rhe1 f6 20. f4 exf4
21. Bxc6 bxc6 22. Re4 Bg4 23. Rdxd4 g5 24. c3 Bf5 25. Re7 Rxd4 26. cxd4 Rd8 27.
Nb3 h5 28. Kd2 h4 29. Kc3 h3 30. Re2 hxg2 31. Rxg2 Kf7 32. Nd2 Be6 33. Rf2 Bd5
34. Kd3 Re8 35. Re2 Rh8 36. Rf2 Rh3+ 37. Ke2 Kg6 38. a4 Re3+ 39. Kf1 Rd3 40.
Ke2 Rxd4 41. b3 a5 42. Rf1 Rb4 43. Rb1 f5 0-1

[Event "Baltic Sea Cup 2008"]
[Site "Ronne"]
[Date "2008.07.30"]
[Round "2"]
[White "Kraft, Rene"]
[Black "Zachariassen, John"]
[Result "1-0"]
[WhiteElo "1663"]
[BlackElo "1949"]
[PlyCount "77"]
[EventDate "2008.07.29"]


1. c4 d6 2. Nc3 Nf6 3. b3 e5 4. Bb2 Nc6 5. g3 Be7 6. Bg2 O-O 7. d3 Nd7 8. Bxc6
bxc6 9. Nf3 f5 10. O-O Nc5 11. d4 Nd7 12. dxe5 dxe5 13. Na4 Bf6 14. Qc2 g6 15.
Rad1 Qe7 16. Qc1 Re8 17. Rd2 g5 18. Ba3 Qg7 19. Bb2 Nf8 20. Rfd1 g4 21. Ne1 Ne6
22. Nd3 Ng5 23. Ndc5 Qh6 24. Nd7 Bg7 25. Nac5 Nh3+ 26. Kg2 Nxf2 27. Rg1 Nh3 28.
Rf1 f4 29. Ne4 Qe6 30. Nec5 Qg6 31. Qa1 Qh5 32. gxf4 Qh6 33. e3 Bxd7 34. Rxd7
Bf8 35. Ne4 Bg7 36. Bxe5 Rxe5 37. fxe5 Qe6 38. Qd4 Bxe5 39. Nf6+ 1-0

[Event "Baltic Sea Cup 2008"]
[Site "Ronne"]
[Date "2008.07.30"]
[Round "2"]
[White "Kristensen, Kaare Hove"]
[Black "Roiz, Michael"]
[Result "0-1"]
[WhiteElo "2259"]
[BlackElo "2680"]
[PlyCount "62"]
[EventDate "2008.07.29"]


1. e4 c6 2. d4 d5 3. exd5 cxd5 4. c4 Nf6 5. Nc3 e6 6. Nf3 Bb4 7. cxd5 Nxd5 8.
Bd2 Nc6 9. Bd3 Nf6 10. Bg5 h6 11. Bxf6 Qxf6 12. O-O O-O 13. a3 Ba5 14. Qd2 Rd8
15. Rad1 Bb6 16. Ne4 Qe7 17. Bb1 Nxd4 18. Nxd4 Bxd4 19. Qc2 e5 20. b4 g6 21.
Kh1 b6 22. f4 exf4 23. Rxf4 Be5 24. Rxd8+ Qxd8 25. Rf1 Ba6 26. Rd1 Qh4 27. g3
Qe7 28. Qd2 Kg7 29. Nc3 Qf6 30. Qg2 Bxc3 31. Qxa8 Be2 0-1

[Event "Baltic Sea Cup 2008"]
[Site "Ronne"]
[Date "2008.07.30"]
[Round "2"]
[White "Kristiansen, Orla"]
[Black "Valle, Lorenzo"]
[Result "1/2-1/2"]
[WhiteElo "1940"]
[BlackElo "1573"]
[PlyCount "120"]
[EventDate "2008.07.29"]


1. c4 Nf6 2. Nc3 g6 3. Nf3 Bg7 4. g3 O-O 5. Bg2 d6 6. O-O e5 7. d3 Nc6 8. Rb1
a5 9. a3 Bf5 10. Bg5 Qc8 11. Bxf6 Bxf6 12. b4 axb4 13. axb4 Be6 14. Qd2 Bg7 15.
b5 Nd8 16. e3 h6 17. Ra1 f5 18. Rxa8 Qxa8 19. Nd5 Bxd5 20. cxd5 Qa4 21. Rb1 Nf7
22. Qc1 Rc8 23. Nd2 Ng5 24. h4 Nh7 25. Nc4 Ra8 26. b6 Qd7 27. bxc7 Qxc7 28. Rb6
Ra6 29. Rb4 Nf6 30. Qb1 Ra7 31. Rb6 Bf8 32. Bf3 Nd7 33. Rb4 Bg7 34. Be2 Nc5 35.
Rb6 Ra6 36. Rb5 Ra7 37. Kg2 Bf8 38. Rb6 Na4 39. Rb3 b5 40. Na3 Nc3 41. Rxc3
Qxc3 42. Nxb5 Qa1 43. Qxa1 Rxa1 44. Nc7 Kf7 45. e4 Ra2 46. Kf3 h5 47. exf5 gxf5
48. Ke3 Bh6+ 49. f4 exf4+ 50. gxf4 Kg6 51. Ne6 Ra5 52. Bf3 Ra2 53. Be2 Ra3 54.
Kf2 Bg7 55. Nxg7 Kxg7 56. Ke3 Kg6 57. Kf2 Ra4 58. Ke3 Rb4 59. Bf3 Rb2 60. Be2
Rb4 1/2-1/2

[Event "Baltic Sea Cup 2008"]
[Site "Ronne"]
[Date "2008.07.30"]
[Round "2"]
[White "Kuzubov, Yuriy"]
[Black "Andersen, Rune"]
[Result "1-0"]
[WhiteElo "2578"]
[BlackElo "2143"]
[PlyCount "65"]
[EventDate "2008.07.29"]


1. d4 d5 2. c4 dxc4 3. Nf3 Nf6 4. e3 e6 5. Bxc4 c5 6. O-O a6 7. Bb3 b5 8. a4 b4
9. e4 Nc6 10. e5 Nd5 11. Nbd2 Na5 12. Nc4 Nxb3 13. Qxb3 Be7 14. dxc5 Bxc5 15.
Ng5 O-O 16. Qh3 h6 17. Ne4 Be7 18. Rd1 Qc7 19. Bxh6 gxh6 20. Qxh6 Qxc4 21. Nf6+
Bxf6 22. exf6 Qg4 23. Rd3 Nf4 24. Qxf8+ Kh7 25. Qxf7+ Kh6 26. Qf8+ Kh7 27. Qe7+
Kh6 28. Rg3 Ne2+ 29. Kh1 Nxg3+ 30. fxg3 Qg5 31. Rf1 e5 32. h4 Qg4 33. f7 1-0

[Event "Baltic Sea Cup 2008"]
[Site "Ronne"]
[Date "2008.07.30"]
[Round "2"]
[White "Larsen, Bjorn H"]
[Black "Jensen, Byrial"]
[Result "1-0"]
[WhiteElo "1940"]
[BlackElo "1656"]
[PlyCount "69"]
[EventDate "2008.07.29"]


1. d4 f5 2. c4 Nf6 3. Nc3 g6 4. Nf3 Bg7 5. g3 O-O 6. Bg2 c6 7. Qb3 d6 8. O-O
Na6 9. c5+ Kh8 10. Rd1 Qe8 11. cxd6 exd6 12. Bf4 d5 13. e3 Nh5 14. Be5 Bxe5 15.
Nxe5 Rb8 16. Rac1 Nf6 17. Qa4 Nd7 18. Nd3 Nc7 19. b4 a6 20. Qb3 Nf6 21. a4 Ne4
22. Rc2 Bd7 23. Rdc1 Qe7 24. Bf1 Ne8 25. b5 N8d6 26. Nxe4 fxe4 27. Ne5 axb5 28.
axb5 Nxb5 29. Bxb5 cxb5 30. Rc7 Rfd8 31. Qxd5 Be6 32. Qxe4 Qa3 33. Nxg6+ hxg6
34. Qe5+ Kg8 35. Qg7# 1-0

[Event "Baltic Sea Cup 2008"]
[Site "Ronne"]
[Date "2008.07.30"]
[Round "2"]
[White "Madsen, Jens Finnerup"]
[Black "Koop, Soeren"]
[Result "0-1"]
[WhiteElo "1162"]
[BlackElo "1897"]
[PlyCount "54"]
[EventDate "2008.07.29"]


1. e4 e5 2. Nf3 Nc6 3. Bc4 Bc5 4. O-O d6 5. d3 Bg4 6. Bxf7+ Kxf7 7. Ng5+ Qxg5
8. Bxg5 Bxd1 9. Rxd1 Nd4 10. Rd2 Nf6 11. c3 Ne6 12. Be3 Bxe3 13. fxe3 Rhf8 14.
Re2 Ke7 15. Nd2 Nc5 16. d4 Ncxe4 17. dxe5 dxe5 18. Nf3 Ke6 19. h3 Rad8 20. Kh2
h6 21. Rc1 Rf7 22. g4 Rfd7 23. b3 Rd3 24. h4 Nxg4+ 25. Kg1 Rd1+ 26. Rxd1 Rxd1+
27. Ne1 Ng3 0-1

[Event "Baltic Sea Cup 2008"]
[Site "Ronne"]
[Date "2008.07.30"]
[Round "2"]
[White "Magnussen, Helge"]
[Black "Berg, Peter"]
[Result "1-0"]
[WhiteElo "2012"]
[BlackElo "1998"]
[PlyCount "53"]
[EventDate "2008.07.29"]


1. d4 d5 2. c4 c6 3. Nf3 Nf6 4. Nc3 dxc4 5. a4 Bf5 6. Ne5 Nbd7 7. Nxc4 e6 8. f3
Be7 9. e4 Bg6 10. Be3 O-O 11. h4 c5 12. Qe2 Nh5 13. Qf2 cxd4 14. Bxd4 f5 15.
exf5 exf5 16. Bd3 Nf4 17. Bc2 Rc8 18. Ne3 Nc5 19. Rd1 Qe8 20. O-O b6 21. Rfe1
Nce6 22. Ned5 Rd8 23. Nxf4 Nxf4 24. Qg3 Nh5 25. Qc7 Rd7 26. Bb3+ Kh8 27. Qxd7
1-0

[Event "Baltic Sea Cup 2008"]
[Site "Ronne"]
[Date "2008.07.30"]
[Round "2"]
[White "Medvegy, Nora"]
[Black "Rostgaard, Tobias Valentin"]
[Result "1-0"]
[WhiteElo "2353"]
[BlackElo "2035"]
[PlyCount "117"]
[EventDate "2008.07.29"]


1. e4 c6 2. d4 d5 3. Nc3 dxe4 4. Nxe4 Bf5 5. Ng3 Bg6 6. Nf3 Nd7 7. h4 h6 8. h5
Bh7 9. Bd3 Bxd3 10. Qxd3 e6 11. Bf4 Qa5+ 12. Bd2 Bb4 13. Ne4 Ngf6 14. Nd6+ Ke7
15. Nc4 Bxd2+ 16. Nfxd2 Qc7 17. O-O-O Rhd8 18. Qa3+ c5 19. Nb3 b6 20. Rh4 Kf8
21. dxc5 Nxc5 22. Rhd4 Rxd4 23. Rxd4 Kg8 24. Nxc5 Qxc5 25. Qxc5 bxc5 26. Rh4
Rd8 27. c3 Rd5 28. g4 Nd7 29. Kc2 f5 30. Ne3 Re5 31. gxf5 exf5 32. Rf4 Nf6 33.
Rxf5 Rxf5 34. Nxf5 Nxh5 35. Kd3 Nf6 36. a4 h5 37. Ne7+ Kf7 38. Nc6 h4 39. Ke2
a6 40. Kf3 g5 41. Nb8 g4+ 42. Kg2 h3+ 43. Kg1 a5 44. Nc6 Nd7 45. Nxa5 Nb6 46.
b3 Kf6 47. c4 Ke5 48. Nb7 Nd7 49. a5 Ke4 50. a6 Kf3 51. Nxc5 Nb6 52. a7 h2+ 53.
Kxh2 Kxf2 54. Nd3+ Ke3 55. Ne5 Kd4 56. Nd7 Na8 57. Kg3 Kc3 58. c5 Kb4 59. Nb6
1-0

[Event "Baltic Sea Cup 2008"]
[Site "Ronne"]
[Date "2008.07.30"]
[Round "2"]
[White "Mejlvang, Jens Peter"]
[Black "Kristensen, Torben"]
[Result "1-0"]
[WhiteElo "1845"]
[BlackElo "1262"]
[PlyCount "45"]
[EventDate "2008.07.29"]


1. e4 e6 2. d4 b6 3. Nf3 Bb7 4. Bd3 c5 5. c3 Nf6 6. Qe2 Be7 7. O-O O-O 8. Nbd2
Nc6 9. Re1 Qc7 10. e5 Nd5 11. dxc5 Nf4 12. Qe3 Nxd3 13. cxb6 Nxe1 14. bxc7 Nc2
15. Qd3 Nxa1 16. Qxd7 Rac8 17. Nc4 Nc2 18. Nd6 Bxd6 19. exd6 e5 20. Qf5 f6 21.
Qxc2 Rf7 22. Qb3 Kf8 23. Qxb7 1-0

[Event "Baltic Sea Cup 2008"]
[Site "Ronne"]
[Date "2008.07.30"]
[Round "2"]
[White "Poulsen, Iver"]
[Black "Gyimesi, Zoltan"]
[Result "0-1"]
[WhiteElo "2147"]
[BlackElo "2586"]
[PlyCount "58"]
[EventDate "2008.07.29"]


1. e4 e5 2. Nf3 Nc6 3. Bb5 a6 4. Ba4 Nf6 5. O-O Be7 6. Re1 b5 7. Bb3 O-O 8. h3
Bb7 9. c3 d5 10. exd5 Nxd5 11. d3 Qd6 12. Nbd2 Rad8 13. Ne4 Qg6 14. Qe2 Kh8 15.
Bc2 f5 16. Ng3 Rde8 17. Nf1 Bf6 18. N1h2 Nd8 19. Kf1 Ne6 20. g3 c5 21. Bd2 f4
22. g4 Nd4 23. cxd4 exd4 24. Qd1 Ne3+ 25. fxe3 fxe3 26. Kg1 Bh4 27. Nxh4 Qd6
28. Nf1 Rxf1+ 29. Kxf1 Qf4+ 0-1

[Event "Baltic Sea Cup 2008"]
[Site "Ronne"]
[Date "2008.07.30"]
[Round "2"]
[White "Rothwell, Jonathan"]
[Black "Urkedal, Frode Olav Olsen"]
[Result "0-1"]
[WhiteElo "1700"]
[BlackElo "2299"]
[PlyCount "50"]
[EventDate "2008.07.29"]


1. c4 Nf6 2. Nc3 c5 3. g3 e6 4. Bg2 d5 5. d3 d4 6. Ne4 Nxe4 7. Bxe4 Be7 8. e3
O-O 9. Ne2 Nc6 10. O-O f5 11. Bg2 e5 12. f4 Bf6 13. Rb1 Kh8 14. a3 e4 15. b4
Be6 16. bxc5 dxe3 17. dxe4 Bxc4 18. Qxd8 Raxd8 19. Bf3 fxe4 20. Bxe4 Bxe2 21.
Bxc6 Bxf1 22. Kxf1 bxc6 23. Bxe3 Rd3 24. Bc1 Re8 25. Rb7 Rd1+ 0-1

[Event "Baltic Sea Cup 2008"]
[Site "Ronne"]
[Date "2008.07.30"]
[Round "2"]
[White "Savchenko, Boris"]
[Black "Marzano, Carlo"]
[Result "1-0"]
[WhiteElo "2578"]
[BlackElo "2177"]
[PlyCount "91"]
[EventDate "2008.07.29"]


1. e4 Nc6 2. Nf3 d6 3. d4 Nf6 4. Nc3 Bg4 5. Be2 e5 6. d5 Ne7 7. Qd3 a6 8. h3
Bd7 9. Nh4 g6 10. f4 exf4 11. Bxf4 Bg7 12. O-O O-O 13. Bg5 Ne8 14. Qd2 f6 15.
Be3 f5 16. exf5 Nxf5 17. Nxf5 Rxf5 18. Bd3 Rxf1+ 19. Rxf1 Qe7 20. Qf2 Nf6 21.
Bg5 Rf8 22. Qh4 Rf7 23. Ne4 Bf5 24. Bxf6 Bxf6 25. Nxf6+ Qxf6 26. g4 Bxd3 27.
Qxf6 Rxf6 28. Rxf6 Bxc2 29. Rf3 Be4 30. Rc3 c6 31. dxc6 Bxc6 32. Rd3 d5 33. Rf3
Kg7 34. Kf2 Kg8 35. Rf6 g5 36. Rf5 h6 37. Rf6 Kg7 38. Rd6 Kh7 39. Ke3 d4+ 40.
Rxd4 Bg2 41. Rd7+ Kg8 42. b4 Bxh3 43. Rxb7 Bxg4 44. a4 h5 45. b5 axb5 46. a5
1-0

[Event "Baltic Sea Cup 2008"]
[Site "Ronne"]
[Date "2008.07.30"]
[Round "2"]
[White "Schmidt, Horst Hubert"]
[Black "Jannik, Morten Emil"]
[Result "1-0"]
[WhiteElo "1925"]
[BlackElo "1534"]
[PlyCount "53"]
[EventDate "2008.07.29"]


1. e4 c6 2. c4 d5 3. exd5 cxd5 4. d4 Nf6 5. Nc3 g6 6. Nf3 Bg7 7. Be3 O-O 8. Qb3
dxc4 9. Bxc4 Nc6 10. Bd3 a6 11. O-O b5 12. Rac1 Bb7 13. a4 b4 14. Ne2 e6 15.
Rfd1 Nd5 16. Ng3 f5 17. Bg5 Bf6 18. h4 h6 19. Bxf6 Qxf6 20. h5 Kh8 21. hxg6 Nf4
22. Bc4 Qxg6 23. Qe3 Nh3+ 24. gxh3 f4 25. Qe4 Qg7 26. Ne5 fxg3 27. Ng6+ 1-0

[Event "Baltic Sea Cup 2008"]
[Site "Ronne"]
[Date "2008.07.30"]
[Round "2"]
[White "Svanholm, Borge Waaktaar"]
[Black "Thjomoe, Hans Richard"]
[Result "0-1"]
[WhiteElo "2003"]
[BlackElo "1735"]
[PlyCount "86"]
[EventDate "2008.07.29"]


1. c4 Nf6 2. Nc3 g6 3. Nf3 Bg7 4. d4 d6 5. g3 O-O 6. Bg2 Re8 7. O-O Na6 8. e4
c5 9. h3 cxd4 10. Nxd4 Nc5 11. Be3 Rb8 12. Qd2 a6 13. Rac1 Bd7 14. Nde2 Qc8 15.
Kh2 Bc6 16. f3 Ne6 17. Nd5 Qd7 18. Nec3 b5 19. cxb5 Bxb5 20. Rfd1 h5 21. f4 Nf8
22. Nxf6+ Bxf6 23. Qf2 Bc6 24. e5 Bxg2 25. Qxg2 Bg7 26. exd6 exd6 27. Bd4 h4
28. Bxg7 hxg3+ 29. Kxg3 Kxg7 30. Rc2 Qf5 31. Rf2 Re3+ 32. Kh2 Ne6 33. Rd5 Qf6
34. Qg4 Rh8 35. Rf3 Rxf3 36. Qxf3 Nxf4 37. Ne4 Qxb2+ 38. Rd2 Qe5 39. Nf2 Nxh3+
40. Kg2 Nf4+ 41. Kf1 Rc8 42. Ng4 Rc1+ 43. Kf2 Qe1# 0-1

[Event "Baltic Sea Cup 2008"]
[Site "Ronne"]
[Date "2008.07.30"]
[Round "2"]
[White "Teschke, Olaf"]
[Black "Johansen, Johnny Holler"]
[Result "1-0"]
[WhiteElo "2298"]
[BlackElo "2029"]
[PlyCount "91"]
[EventDate "2008.07.29"]


1. d4 Nf6 2. c4 g6 3. Nc3 d5 4. e3 Bg7 5. Nf3 O-O 6. Be2 c6 7. O-O Nbd7 8. b4
dxc4 9. Bxc4 Nb6 10. Be2 Nbd5 11. Qb3 Qb6 12. Ba3 a5 13. Na4 Qa7 14. b5 cxb5
15. Bxb5 Nb4 16. Bxb4 axb4 17. Qxb4 Nd5 18. Qc5 Qxc5 19. Nxc5 Nc3 20. Bc4 b6
21. Rfc1 bxc5 22. Rxc3 Bg4 23. Ne5 Bxe5 24. dxe5 Rfd8 25. f3 Bd7 26. Rd1 Ba4
27. Rxd8+ Rxd8 28. Rd3 Rb8 29. Kf2 Rb2+ 30. Kg3 Rc2 31. Bb3 Bxb3 32. axb3 c4
33. bxc4 Rxc4 34. Rd7 e6 35. Rd2 Kg7 36. e4 h6 37. h4 g5 38. hxg5 hxg5 39. Kg4
Kg6 40. Rd8 Rc5 41. Rg8+ Kh6 42. Rxg5 f6 43. Rh5+ Kg6 44. f4 Rc4 45. exf6 Rxe4
46. Re5 1-0

[Event "Baltic Sea Cup 2008"]
[Site "Ronne"]
[Date "2008.07.30"]
[Round "2"]
[White "Valet, Richard"]
[Black "Hansen, Lars Bo"]
[Result "1/2-1/2"]
[WhiteElo "2071"]
[BlackElo "2569"]
[PlyCount "58"]
[EventDate "2008.07.29"]


1. e4 c6 2. d4 d5 3. exd5 cxd5 4. Bd3 Nc6 5. c3 g6 6. Bf4 Bg7 7. Nf3 Nh6 8. Qd2
Nf5 9. O-O O-O 10. Re1 Nd6 11. Na3 a6 12. Bh6 Bf5 13. Bxg7 Kxg7 14. Bxf5 Nxf5
15. Nc2 Nd6 16. Qf4 Ne4 17. Ne5 f6 18. Nxc6 bxc6 19. f3 Nd6 20. Nb4 Qd7 21. Nd3
Nb7 22. Re2 Rf7 23. h4 c5 24. Rae1 cxd4 25. cxd4 Qb5 26. Nf2 Qb4 27. Nd3 Qb5
28. Nf2 Qb4 29. Nd3 Qb5 1/2-1/2

[Event "Baltic Sea Cup 2008"]
[Site "Ronne"]
[Date "2008.07.30"]
[Round "2"]
[White "Vitiugov, Nikita"]
[Black "Hansen, Martin"]
[Result "1-0"]
[WhiteElo "2616"]
[BlackElo "2128"]
[PlyCount "73"]
[EventDate "2008.07.29"]


1. d4 d5 2. c4 c6 3. Nf3 Nf6 4. e3 e6 5. b3 Nbd7 6. Bb2 Be7 7. Bd3 O-O 8. Nbd2
b6 9. O-O Bb7 10. Qe2 c5 11. Rad1 Qc7 12. Ne5 Rad8 13. f4 Ne4 14. cxd5 exd5 15.
Nxe4 dxe4 16. Bc4 Nf6 17. g4 Nd5 18. g5 cxd4 19. Bxd4 Bc5 20. h4 Nxf4 21. Rxf4
Rxd4 22. exd4 Qxe5 23. Qe3 Qd6 24. Rxf7 Rxf7 25. Bxf7+ Kxf7 26. Rf1+ Ke8 27.
dxc5 bxc5 28. Rc1 Qe6 29. Rxc5 Qg4+ 30. Kf1 Ba6+ 31. Ke1 Qxh4+ 32. Kd2 Qh2+ 33.
Kc3 Bd3 34. Qd4 Qxa2 35. Qb4 Kf7 36. g6+ hxg6 37. Rc7+ 1-0